000 02803nam0a2200361 4500
001 RU\NLR\bibl\1491757
005 20260407222217.0
010 _a978-5-88422-407-0
_9100
021 _aRU
_b2010-8078
_9530
035 _a(NLR Aleph) 001483308
090 _a1717252
_c1717252
100 _a20100329d2009 |||y0rusy50 ca
101 0 _arus
102 _aRU
105 _aa |||||||||
200 1 _aВсероссийская конференция с элементами научной школы для молодежи "Клеточные исследования и технологии в современной биомедицине", 9.11.2009 - 10.10.2009
_eсборник материалов
_fпод ред. акад. РАЕН, д.м.н., проф. Хадарцева А.А., чл.-корр. АМТН Иванова Д.В.
210 _aТула
_cТульский полиграфист
_d2009
215 _a68 с.
_cил.
_d21
300 _aНа обл.: Клеточные исследования и технологии в современной биомедицине: всероссийская конференция с элементами научной школы для молодежи, 9.11.2009 - 10.10.2009: сборник материалов
300 _aВ надзаг.: Федер. агентство по науке и инновациям, Тул. гос. ун-т, ГУП ТО НИИ новых мед. технологий
311 _aПрил. к журн. "Вестник новых медицинских технологий"
422 0 _12001#$aВестник новых медицинских технологий
_tВестник новых медицинских технологий
512 1 _aКлеточные исследования и технологии в современной биомедицине
_eвсероссийская конференция с элементами научной школы для молодежи, 9.11.2009 - 10.10.2009
_eсборник материалов
606 1 _aКлеточная терапия
_jСъезды, совещания и т.п.
_91594358
_3RU\NLR\auth\66701067
606 1 _aБиомедицинские технологии
_jСъезды, совещания и т.п.
_92088583
_3RU\NLR\auth\661264377
686 _aР353.53я431(2)
686 _aР.с.я431(2)
710 1 2 _a"Клеточные исследования и технологии в современной биомедицине", всероссийская конференция с элементами научной школы для молодежи
_eТула
_f2009
_9793506
_3RU\NLR\AUTH\8810149453
801 0 _aRU
_bNLR
_c20100329
_gRCR
801 1 _aRU
_bNLR
_c20100329
942 _cBOOK
980 _aNB
980 _aNBR